000
00265nam a2200109Ia 4500
008
200302s9999 xx 000 0 und d
100
_a
Martin Nicholas Kunz
245
_a
Authentic & Charming Top Hotels
260
_b
Loft Publication
260
_c
2010
300
_a
647
999
_c
3576
_d
3576